Catálogo
 En Linea

Las principales decisiones de las cámaras reunidas de la Suprema Corte de Justicia en materia penal : (Registro nro. 48940)

Detalles MARC
000 -CABECERA
campo de control de longitud fija 01840nam a22002537a 4500
003 - IDENTIFICADOR DEL NÚMERO DE CONTROL
campo de control DO-SdBNP
005 - FECHA Y HORA DE LA ÚLTIMA TRANSACCIÓN
campo de control 20260424111843.0
007 - CAMPO FIJO DE DESCRIPCIÓN FÍSICA--INFORMACIÓN GENERAL
campo de control de longitud fija ta
008 - DATOS DE LONGITUD FIJA--INFORMACIÓN GENERAL
campo de control de longitud fija 201021b 2010 dr 00| 0 eng d
040 ## - FUENTE DE LA CATALOGACIÓN
Centro catalogador/agencia de origen DO-SdBNP
Lengua de catalogación spa
Centro/agencia transcriptor BNPHU
082 #4 - NÚMERO DE LA CLASIFICACIÓN DECIMAL DEWEY
Número de clasificación 347.7293077
Número de documento/Ítem R426Pp, 2005-2009
Número de edición 22
110 1# - ENTRADA PRINCIPAL--NOMBRE DE ENTIDAD CORPORATIVA
Nombre de entidad corporativa o nombre de jurisdicción como elemento de entrada República Dominicana.
9 (RLIN) 7906
Unidad subordinada Suprema Corte de Justicia.
245 10 - MENCIÓN DE TÍTULO
Título Las principales decisiones de las cámaras reunidas de la Suprema Corte de Justicia en materia penal :
Resto del título durante la vigencia del código procesal penal 2005-2009.
260 ## - PUBLICACIÓN, DISTRIBUCIÓN, ETC.
Lugar de publicación, distribución, etc. Santo Domingo :
Nombre del editor, distribuidor, etc. Suprema Corte de Justicia,
Fecha de publicación, distribución, etc. 2010.
300 ## - DESCRIPCIÓN FÍSICA
Extensión xi, 592 p. ;
Dimensiones 22 cm.
505 ## - NOTA DE CONTENIDO CON FORMATO
Nota de contenido con formato Presentación -- XI
Título Accidente de tránsito -- 1
-- Acción civil -- 12
-- Calidad para demandar -- 27
-- Casación -- 34
-- Coautoría -- 196
-- Comitencia -- 220
-- Daños morales -- 221
-- Daños y perjuicios -- 228
-- Derecho de defensa -- 236
-- Desistimiento -- 244
-- Falta civil -- 253
-- Filiación -- 270
-- Incomparecencia -- 277
-- Indemnización -- 284
-- Inmunidad forense -- 293
-- Interés legal -- 302
-- Licencias y permisos otorgados por la Administración Pública -- 313
-- Lucro cesante -- 332
-- Médicos -- 333
-- Nulidad -- 365
-- Presunción de comitencia -- 375
-- Principio de irretroactividad de la ley -- 385
-- Procesos penales -- 393
-- Querella -- 401
-- Recurso de Revisión -- 411
-- Responsabilidad civil --428
-- Retroexcavadora -- 460
-- Seguro de vehículo -- 475
-- Sentencia penal -- 504<br/>
-- Sentencia -- 515<br/>
-- Sentencias -- 575<br/>
-- Índice Cronológico -- 585
590 ## - NOTA LOCAL (RLIN)
Nota local Inventariado, 2022/MFF
650 #0 - PUNTO DE ACCESO ADICIONAL DE MATERIA--TÉRMINO DE MATERIA
Término de materia o nombre geográfico como elemento de entrada Administración de justicia
Subdivisión geográfica República Dominicana
9 (RLIN) 10083
650 #4 - PUNTO DE ACCESO ADICIONAL DE MATERIA--TÉRMINO DE MATERIA
Término de materia o nombre geográfico como elemento de entrada Sentencias
Subdivisión geográfica República Dominicana
9 (RLIN) 19124
650 #0 - PUNTO DE ACCESO ADICIONAL DE MATERIA--TÉRMINO DE MATERIA
Término de materia o nombre geográfico como elemento de entrada Cosa juzgada
9 (RLIN) 82104
650 #0 - PUNTO DE ACCESO ADICIONAL DE MATERIA--TÉRMINO DE MATERIA
Término de materia o nombre geográfico como elemento de entrada Jurisprudencia,
Subdivisión general Recopilaciones, repertorios, etc.
9 (RLIN) 24052
910 ## - DATOS DE OPCIÓN DEL USUARIO (OCLC)
Datos de opción del usuario Validado, Control de calidad MFF
942 ## - ELEMENTOS DE PUNTO DE ACCESO ADICIONAL (KOHA)
Fuente del sistema de clasificación o colocación Dewey Decimal Classification
Tipo de ítem Koha Libro
Existencias
Estado de retiro Estado de pérdida Fuente del sistema de clasificación o colocación Restricciones de uso No para préstamo Código de colección Localización permanente Ubicación/localización actual Ubicación en estantería Fecha de adquisición Fuente de adquisición Signatura topográfica completa Código de barras Fecha visto por última vez Precio válido a partir de Tipo de ítem Koha Número de copia
    Dewey Decimal Classification Excluido de préstamo   Patrimonio Dominicano Biblioteca Nacional Pedro Henríquez Ureña Biblioteca Nacional Pedro Henríquez Ureña Depósito 21.10.2020 Donación Graciela Geraldo BNPHU PD 347.7293077 R426p 2005-2009 2022-3581 21.10.2020 21.10.2020 Libro  
    Dewey Decimal Classification Excluido de préstamo   Patrimonio Dominicano Biblioteca Nacional Pedro Henríquez Ureña Biblioteca Nacional Pedro Henríquez Ureña Depósito 28.07.2022 Depósito Legal BNPHU PD 347.7293077 R426p 2005-2009 2022-3582 28.07.2022 28.07.2022 Libro e.2

Con tecnología Koha